| 000 | 00856nam a2200229 a 4500 | ||
|---|---|---|---|
| 001 | BRCA_3832 | ||
| 005 | 20190320204435.0 | ||
| 008 | 011209s1999----mx-a######---#000-0#spa-u | ||
| 041 | _aspa | ||
| 044 | _amx | ||
| 050 | 4 |
_aNK7114 _b.C35 1999 |
|
| 100 | 1 |
_aCalero Martínez de Irujo, Teresa _99980 |
|
| 245 | 1 | 0 | _aCatálogo comentado de la colección de plata mexicana de la Fundación Cultural Antonio Haghenbeck y de la Lama, I.A.P. |
| 260 |
_aCiudad de México _c1999 |
||
| 300 |
_a210 p. _bil. |
||
| 502 | _aTesis Licenciatura (Licenciado en Historia del Arte) Universidad Iberoamericana | ||
| 610 | 2 | 4 |
_aFundación Cultural Antonio Haghenbeck y de la Lama I.A.P. (Ciudad de México) _vCatálogos _xColecciones de arte _99981 |
| 650 | 1 | 4 |
_aPlatería _zMéxico _93073 |
| 650 | 1 | 4 |
_aPlata mexicana _vCatálogos _99982 |
| 902 | _aTES | ||
| 942 |
_2lcc _cTES |
||
| 999 |
_c3560 _d3560 |
||